00634cam1a220021700 4500001001200000008004100012035001900053035001800072100007500090245002900165260001000194949003800204004000600242591002300248591004300271591001700314591002900331591002800360909000900388999001900397zam00003605951128s1976 xx eng u a(Sirsi) r20928 a(MACHINE)SLC.1 aMoore, William Michael, 1934-dMoore, William Michael, 1934-6A82496.110aEnvironmental chemistry. c1976. aQD31.2wlccmMAINtBOOKlON-SHELF20928 aClass code: C 420. aCourse: Advanced analytical chemistry. aSchool: S09. aLecturer: Dr. MAINGA, A. aNumber of Students: 40. aBook c172866d172866